Sľubné perspektívy plynu

Výsledky a perspektívy, ktoré dosiahol Slovenský plynárenský priemysel, š.p. Umiestnenie SPP v tabuľkách a rebríčkoch. Charakteristika 140. jubilejného roku plynárenstva na Slovensku. Plynofikácia Slovenska. Energetická koncepcia a energetický zákon.

Saved in:
Bibliographic Details
Main Author: Janek, Miroslav
Format: Book Chapter
Language:Slovak
Subjects:
Tags: Add Tag
No Tags, Be the first to tag this record!

MARC

LEADER 00000naa a2200000 4500
001 r027331
005 20230606082711.8
041 0 |a slo 
044 |a SK 
245 1 0 |a Sľubné perspektívy plynu  |c Miroslav Janek 
520 |a Výsledky a perspektívy, ktoré dosiahol Slovenský plynárenský priemysel, š.p. Umiestnenie SPP v tabuľkách a rebríčkoch. Charakteristika 140. jubilejného roku plynárenstva na Slovensku. Plynofikácia Slovenska. Energetická koncepcia a energetický zákon. 
610 2 0 |a Slovenský plynárenský priemysel, š.p. Bratislava 
610 2 0 |a plyn 
610 2 0 |a priemysel plynárenský 
610 2 0 |a Slovensko 
610 2 0 |a energetika 
610 2 0 |a koncepcie 
100 1 |a Janek, Miroslav